Medeni hukukla ilgili İsviçre Federal Mahkemesi kararları (Record no. 5620)

MARC details
000 -BAŞLIK
Sabit Uzunlukta Kontrol Alanı 00853na a2200253 4500
001 - KONTROL NUMARASI
Denetim Alanı 18716
003 - KONTROL NUMARASI IDENTIFIER
Denetim Alanı MIRAKIL
005 - SON İŞLEM TARİHİ VE ZAMANI
Denetim Alanı 20181213155042.0
008 - SABİT-BOY VERİ ELEMANLARI - GENEL BİLGİLER
Sabit Uzunlukta Kontrol Alanı 161125b tu 000 0
040 ## - KATALOGLAMA KAYNAK
Orijinal Kataloglama Ajansı Milas
Kataloglama Dili tur
Metne Dönüştürmek Ajansı TR-AnCHP
041 ## - DİL KODU
Metin / Ses Parça Veya Ayrı Başlığın Dil Kodu tur
082 ## - DEWEY ONLU SINIFLANDIRMA NUMARASI
Sınıflandırma Numarası 346.4940269
Ürün Numarası A49m 1980
090 ## - SINIFLAMA NUMARASI
Sınıflama Numarası 346.4940269 A49m 1980
100 ## - ANA GİRİŞ - KİŞİSEL İSİM
Kişisel Ad Akyol, Şener
245 ## - BAŞLIK TABLOSU
Başlık Medeni hukukla ilgili İsviçre Federal Mahkemesi kararları
Başlığın Kalan (BGE 38 II- BGE 47 II)
Sorumluluk Tablosu, Vb Şener Akyol
260 ## - YAYIN, DAĞITIM, VB
Yayın, Dağıtım, Vb Yeri İstanbul
Yayıncı, Dağıtıcı, Vs Adı İstanbul Üniversitesi Hukuk Fakültesi
Yayın, Dağıtım, Vb Tarihi 1980
300 ## - FİZİKSEL TANIM
Kapsam xxiii, 240 s.
Boyutlar 25 sm.
440 ## - SERİSİ TABLOSU / KATMA GİRİŞİ - BAŞLIK
Başlık İstanbul Üniversitesi Yayınları
Hacim / Ardışık Tanımı 2245
490 ## - SERİSİ TABLOSU
Seri Beyanı Hukuk Fakültesi Yayınları
Hacim / Ardışık Tanımı 504
504 ## - KAYNAKÇA VB NOT
Kaynakça Vb Notu Dizin var.
610 ## - KONU KATMA GİRİŞ - TOPLANTI ADI
Giriş Elemanı Olarak Kurumsal Ad Veya Yargı Alanı Adı İsviçre Federal Mahkemesi
Genel Alt Bölüm Medeni hukuk
Kronolojik Alt Bölüm Kararlar
650 ## - KONU KATMA GİRİŞ - TOPİKAL DÖNEM
Topikal Süreli Veya Coğrafi Ad Giriş Elemanı Medeni hukuk
Genel Alt Bölümü Mahkeme kararları
Coğrafi Alt Bölümü İsviçre
942 ## - EKLENDİ GİRİŞ ELEMANLARI (KOHA)
Sınıflandırma Veya Raf Düzeni Kaynak Dewey Decimal Classification
Koha Öğesi Türü Books
999 ## - SİSTEM KONTROL NUMARALARI (KOHA)
Koha Biblionumber 5620
Koha Biblioitemnumber 5620
Holdings
Kalıcı Konum Mevcut Konum Edinme Tarihi Edinim Kaynak Toplam Check-Out'Lar Tam Çağrı Numarası Barkod Tarih Son Görülme İtibaren Geçerli Fiyatlar Koha Öğesi Türü
CHP Kütüphanesi CHP Kütüphanesi 11/25/2016 Bağış   346.4940269 A49m 1980 008881 11/25/2016 11/25/2016 Books